Crafting and executing strategy : (Record no. 88110)

MARC details
000 -LEADER
fixed length control field 00804nam a22002417a 4500
005 - DATE AND TIME OF LATEST TRANSACTION
control field 20140901124310.0
010 ## - LCCN (DPL NO)
LC control number ENG-110684
020 ## - INTERNATIONAL STANDARD BOOK NUMBER
International Standard Book Number 9789339204082
Terms of availability 675.00
020 ## - INTERNATIONAL STANDARD BOOK NUMBER
International Standard Book Number 9339204085
Terms of availability 675.00
035 ## - SYSTEM CONTROL NUMBER
System control number EN-94216
037 ## - SOURCE OF ACQUISITION
Source of stock number/acquisition DBAD/PUB
082 ## - DEWEY DECIMAL CLASSIFICATION NUMBER
Classification number 658.4012
245 ## - TITLE STATEMENT
Title Crafting and executing strategy :
Statement of responsibility, etc by Arthur A. Thompson...[et al]
Remainder of title the quest for competitive advantage: concepts and cases /
250 ## - EDITION STATEMENT
Edition statement 19th ed
260 ## - PUBLICATION, DISTRIBUTION, ETC. (IMPRINT)
Place of publication, distribution, etc New Delhi
Name of publisher, distributor, etc McGraw Hill Education
Date of publication, distribution, etc 2014
270 ## - ADDRESS
Address P-24, Green Park Extn.
City New Delhi
Postal code 110016
300 ## - PHYSICAL DESCRIPTION
Extent various pagings :
Dimensions 25cm(pbk)
Other physical details ill
500 ## - GENERAL NOTE
General note Includes index
650 ## - SUBJECT ADDED ENTRY--TOPICAL TERM
Topical term or geographic name as entry element Strategic planning.
650 ## - SUBJECT ADDED ENTRY--TOPICAL TERM
Topical term or geographic name as entry element Strategic planning
Form subdivision Case studies.
700 ## - ADDED ENTRY--PERSONAL NAME
Personal name Thompson, Arthur A.
942 ## - ADDED ENTRY ELEMENTS (KOHA)
Source of classification or shelving scheme Dewey Decimal Classification
Item type English Books
Call number suffix CRA
Classification part 658.4012
Holdings
Withdrawn status Lost status Not for loan Collection code Home library Current library Date acquired Source of acquisition Cost, normal purchase price Full call number Barcode Copy number Cost, replacement price Koha item type
    Not For Loan Non-fiction D.B.Act.Division D.B.Act.Division 29/08/2014 DBAD/PUB 675.00 658.4012 CRA EN-94216 1 675.00 English Books

© Delhi Public Library
Hit Counter
free hit counter